Select all the right answers - Statistics

General Stats
  • This quiz has been taken 29 times
  • The average score is 52 of 64
Answer Stats
Question Tile Select % Correct
All Countries(Provinces) of United Kingdom Northern Ireland Yes
100%
All Countries(Provinces) of United Kingdom Scotland Yes
100%
All Countries(Provinces) of United Kingdom Wales Yes
100%
All Countries(Provinces) of United Kingdom Aruba No
96%
All Countries(Provinces) of United Kingdom England Yes
96%
All Countries(Provinces) of United Kingdom Hokkaido No
96%
Countries Bordering Vietnam Hokkaido No
96%
All Countries(Provinces) of United Kingdom Honshu No
96%
All Countries(Provinces) of United Kingdom Iraq No
96%
All Countries(Provinces) of United Kingdom Israel No
96%
All Countries(Provinces) of United Kingdom Japan No
96%
Countries Bordering Vietnam Mongolia No
96%
All Countries(Provinces) of United Kingdom Newfounland and Labrador No
96%
All Countries(Provinces) of United Kingdom Rajasthan No
96%
All Countries(Provinces) of United Kingdom Barbuda No
92%
All Countries(Provinces) of United Kingdom France No
92%
Countries Bordering Vietnam India No
92%
All Main Japan Islands Iran No
92%
All Main Japan Islands Jammu and Kashmir No
92%
Countries Bordering Vietnam Japan No
92%
All Main Japan Islands Medan No
92%
All Main Japan Islands Shawn the sheep No
92%
Countries Bordering Vietnam United States No
92%
Countries Bordering Vietnam Vietnam No
92%
All Main Japan Islands Zambia No
92%
All Main Japan Islands Zimbabwe No
92%
Countries Bordering Vietnam Iraq No
88%
Countries Bordering Vietnam Kazakhstan No
88%
Countries Bordering Vietnam Russia No
88%
All Main Japan Islands Serang No
88%
Countries Bordering Vietnam Bangladesh No
84%
All Main Japan Islands Heilongjiang No
84%
Countries Bordering Vietnam Laos Yes
84%
Countries Bordering Vietnam Myanmar No
84%
Countries Bordering Vietnam Taiwan No
84%
Factors of 799 41 No
80%
Factors of 799 67 No
80%
All Main Japan Islands Hokkaido Yes
80%
Factors of 799 21 No
76%
Factors of 799 343 No
76%
Factors of 799 49 No
76%
Countries Bordering Vietnam Cambodia Yes
76%
All Main Japan Islands Japan No
76%
Factors of 799 19 No
72%
Factors of 799 23 No
72%
Factors of 799 29 No
72%
Factors of 799 31 No
72%
All Main Japan Islands Honshu Yes
72%
All Main Japan Islands Shikoku Yes
72%
All Countries(Provinces) of United Kingdom United Kingdom No
72%
Factors of 799 43 No
68%
Factors of 799 799 Yes
68%
Factors of 799 83 No
68%
All Countries(Provinces) of United Kingdom Great Britain No
68%
All Main Japan Islands Kyushu Yes
68%
All Main Japan Islands Tokyo No
68%
All Main Japan Islands Yokohama No
68%
Factors of 799 13 No
64%
Countries Bordering Vietnam China Yes
64%
Countries Bordering Vietnam Thailand No
64%
All Main Japan Islands Osaka No
60%
Factors of 799 1 Yes
56%
Factors of 799 17 Yes
12%
Factors of 799 47 Yes
12%
No matching quizzes found
Score Distribution
Percent of People with Each Score
Percentile by Number Answered
Your Score History
You have not taken this quiz